000 00429pab a2200169 454500
008 180718b2009 xxu||||| |||| 00| 0 eng d
100 _aOberoi, Roopinder
245 _aInstilling corporatism in the public sector - the global impact
260 _c2009
300 _ap.76-88.
362 _aJul-Dec
650 _aGlobalization
650 _aPublic sector
773 _aAdministrative Change
908 _aN
909 _a84165
999 _c84165
_d84165